| Tag |
First Indicator |
Second Indicator |
Subfields |
| LEADER |
00000cam a2200000 a 4500 |
| 001 |
in00000016525 |
| 005 |
20151007052808.0 |
| 008 |
870520s1987 enka b 00110 eng d |
| 010 |
|
|
|a gb 86030461
|
| 015 |
|
|
|a GB86-30461
|
| 020 |
|
|
|a 0124209203 :
|c £25.00
|
| 035 |
|
|
|a (OCoLC)14967350
|
| 035 |
|
|
|9 AAA9215AM
|
| 040 |
|
|
|a UKM
|c UKM
|d TXA
|d UtOrBLW
|
| 049 |
|
|
|a TXAM
|c [A12608578]
|
| 050 |
1 |
0 |
|a HG4012
|
| 050 |
|
4 |
|a HG4012
|b .K67 1987
|
| 082 |
0 |
|
|a 658.1/5/0724
|2 19
|
| 100 |
1 |
|
|a Kornbluth, J. S. H.
|q (Jonathan S. H.)
|
| 245 |
1 |
4 |
|a The management of corporate financial assets :
|b applications of mathematical programming models /
|c J.S.H. Kornbluth, G.R. Salkin.
|
| 264 |
|
1 |
|a London ;
|a Orlando, Fla. :
|b Academic,
|c 1987.
|
| 300 |
|
|
|a xi, 348 pages :
|b illustrations ;
|c 24 cm.
|
| 336 |
|
|
|a text
|b txt
|2 rdacontent
|
| 337 |
|
|
|a unmediated
|b n
|2 rdamedia
|
| 338 |
|
|
|a volume
|b nc
|2 rdacarrier
|
| 500 |
|
|
|a Includes index.
|
| 504 |
|
|
|a Bibliography: pages 327-336.
|
| 650 |
|
0 |
|a Corporations
|x Finance
|x Mathematical models.
|
| 700 |
1 |
|
|a Salkin, G. R.
|q (Gerald R.)
|
| 999 |
|
|
|a MARS
|
| 999 |
f |
f |
|s 1d8f1bb7-0bf4-3974-8a10-85e06779a7bb
|i af7bb995-e040-3d20-a1a5-de72160181b5
|t 0
|
| 952 |
f |
f |
|p ric
|a Texas A&M University
|b Rellis Campus
|c Joint Library Facility
|d Remote Storage
|t 0
|e HG4012 .K67 1987
|h Library of Congress classification
|i unmediated -- volume
|m A14812608578
|
| 998 |
f |
f |
|a HG4012 .K67 1987
|t 0
|l Remote Storage
|